[Event "Portugal Open 2020"]
[Site "Lisbon"]
[Date "2020.01.26"]
[Round "3.8"]
[White "Rocha, Sergio"]
[Black "Asadli, Vugar"]
[Result "0-1"]
[WhiteElo "2343"]
[BlackElo "2538"]
[Annotator "TA"]
[PlyCount "140"]
[EventDate "2020.01.25"]
[EventType "swiss"]
[EventCountry "POR"]
[SourceTitle "playchess.com"]
[Source "ChessBase"]
[SourceQuality "1"]

{[%evp 9,140,49,51,14,39,45,43,37,45,16,20,0,0,0,41,38,136,129,127,114,131,42,45,43,41,35,43,47,45,51,76,20,16,-3,20,-77,-77,-72,-55,-60,-70,-75,-67,-64,-68,-77,-89,-63,-13,-62,-22,-58,-55,-73,-53,-62,-70,-60,-49,-50,-46,-54,-73,-62,-4,-4,-4,-33,0,-45,-45,-38,-18,-18,-14,-19,-13,-25,-21,-52,-51,-50,-50,-38,0,-58,-44,-45,-37,-56,-24,-70,-65,-215,-181,-293,0,-30,-22,-119,-100,-504,-478,-822,-854,-831,-788,-1714,-1430,-1395,-1003,-2264,-2157,-964,-622,-4618,-4133,-29978,-29979,-29980,-29981,-29981,-29982,-29982,-29983,-29983,-29984,-29984,-29985,-29986,-29987,-29992,-29993]} 1. d4 g6 2. Nf3 Bg7 3. e4 d6 4. Bc4 e6 5. Qe2 Ne7 6. Bb3 {B06: Modern Defence} (6. O-O a6 7. Bb3 O-O 8. Re1 Nd7 9. Nbd2 b5 10. Nf1 c5 11. c3 cxd4 12. cxd4 Nc6 13. Be3 {1-0 (63) Grigoriants,S (2576)-Nakamura,H (2786) chess.com INT 2017}) 6... O-O 7. h4 h5 8. Nc3 $146 {White is slightly better.} ({Predecessor:} 8. Bg5 Nbc6 9. c3 Na5 10. Bc2 b6 11. Nbd2 f6 12. Be3 c5 13. O-O {1-0 (40) McPhillips,J (2402)-Jackson,O (2144) Bolton 2018}) 8... Nd7 9. e5 d5 10. Nd1 c5 {And now ...c4 would win.} 11. c3 Nf5 12. Ne3 c4 (12... Nh6 $14) 13. Bc2 $16 f6 14. Bxf5 gxf5 15. Nc2 (15. exf6 $16 Nxf6 16. g3) 15... fxe5 $14 16. Nxe5 Nxe5 17. dxe5 f4 $1 18. Nd4 Qc7 19. Nf3 Bd7 20. O-O (20. Rg1 $1 $16) 20... Rf5 {[%cal Rg7e5]} 21. b3 Rc8 {[%cal Rg7e5]} 22. Ba3 (22. Re1 $11) 22... Bxe5 $17 23. Ng5 Bf6 $36 {[%mdl 2048] Black fights for an advantage.} 24. Qxh5 {[%csl Gg5][%cal Rh5h7]} Be8 $1 {[%cal Re8h5]} 25. Qh6 {[%csl Ga3][%cal Rh6f8]} Qg7 26. Qxg7+ Bxg7 27. Nxe6 Bxc3 28. Rac1 Bf6 {Threatening ...Bf7.} 29. Rfd1 (29. g4 $5 {[%cal Rg4f5]} fxg3 30. fxg3 $15) 29... a5 30. Nd4 Rh5 31. Bd6 Rxh4 32. Nf3 Rh5 33. Bxf4 Rf5 34. Be3 $1 Bh5 35. Nd4 Re5 36. Rd2 Bf7 (36... Be7 $15 37. Nb5 Bb4) 37. Nb5 $1 $11 Be7 38. Rd4 Re4 39. bxc4 Rxd4 40. Bxd4 dxc4 41. Rc3 Rc6 42. a4 Bb4 43. Rh3 {[%csl Gd4][%cal Rh3h8]} Bg6 44. Nc3 Rd6 45. Be5 Rd2 46. f4 Kf7 47. Rh6 (47. g4 $1 $11) 47... Bf8 48. Rh3 Bc2 49. Kh2 Bb4 50. Rg3 Ke6 51. Re3 {[#]} (51. Rg7 $15) 51... Rd3 $1 $19 {[%cal Rd3e3]} 52. Rh3 (52. Rg3 $142) 52... Rd2 $2 ({Black should play} 52... Rxh3+ $19 53. Kxh3 {[#]} Bxa4 $1 {[%mdl 576] Remove Defender, Deflection} 54. Nxa4 b5) 53. Rh6+ Kd7 54. Rh3 (54. Rb6 $11) 54... Bd6 55. Re3 $2 {[%mdl 8192]} (55. Kg3 $17) 55... Rd3 56. Rf3 (56. Ne4 $142 Rxe3 57. Nxd6) 56... Rxf3 57. gxf3 Ke6 58. Bxd6 Kxd6 {[%mdl 4096] Endgame KB-KN} 59. Kg3 Kc5 60. Kg4 Kb4 61. Nd5+ Kxa4 {Hoping for ...Kb3.} 62. f5 Kb3 63. Ne7 {[#]} Bxf5+ $1 {[%mdl 512] Black mates.} 64. Nxf5 {KN-K3P} a4 65. Nd4+ Kb2 66. f4 a3 67. f5 a2 68. f6 a1=Q 69. f7 Qg1+ {[%mdl 64] Double Attack} 70. Kf5 Qxd4 {Accuracy: White = 33%, Black = 63%.} 0-1

[Event "Portugal Open 2020"]
[Site "Lisbon"]
[Date "2020.01.26"]
[Round "3.9"]
[White "Bayramov, Zaur"]
[Black "Ten Hertog, Hugo"]
[Result "1/2-1/2"]
[WhiteElo "2333"]
[BlackElo "2503"]
[Annotator "TA"]
[PlyCount "86"]
[EventDate "2020.01.25"]
[EventType "swiss"]
[EventCountry "POR"]
[SourceTitle "playchess.com"]
[Source "ChessBase"]
[SourceQuality "1"]

{[%evp 15,86,-6,43,9,10,13,11,14,18,2,14,6,14,2,22,0,0,0,0,0,0,0,0,0,0,-58,-20,-40,0,-4,0,0,0,0,0,0,0,-13,-25,-68,0,0,0,-25,-25,-68,-70,-69,-31,-31,-27,-41,-41,-20,0,0,0,0,0,0,0,0,0,0,112,0,88,0,113,0,77,0,110]} 1. c4 e6 2. Nf3 Nf6 3. d4 d5 4. Nc3 c6 5. cxd5 exd5 6. Bg5 Be7 7. e3 Bf5 8. Bd3 Ne4 9. Bxe7 {D35: Queen's Gambit Declined: Exchange Variation} Qxe7 10. Qc2 (10. O-O Nd7 11. Bxe4 Bxe4 12. Nxe4 dxe4 13. Nd2 O-O 14. b4 {½-½ (43) Straka,Z (2536)-Latronico,N (2452) ICCF email 2009}) 10... Nd7 11. Nd2 {[%cal Rc3e4]} Ndf6 12. O-O O-O 13. Rfe1 $146 ({Predecessor:} 13. Rae1 Rfe8 14. f3 Nxd2 15. Qxd2 Bxd3 16. Qxd3 Rad8 17. Re2 Nh5 18. g3 {½-½ (36) Rosko,L (2332)-Kraus,T (2359) Hradec Kralove 2013}) 13... Rfe8 14. f3 Nxd2 (14... Nxc3 {is more complex.} 15. Bxf5 Nb5 16. Nb3 Nd6 17. Bd3 Rac8) 15. Qxd2 (15. Bxf5 {looks sharper.} Nc4 16. e4 g6 17. Bh3 Qb4 18. Rab1) 15... Bxd3 16. Qxd3 Rad8 {[%cal Ba8d8,Bd8d6,Bd6e6][%mdl 32]} 17. a3 Rd6 18. Re2 Re6 {[%cal Re6e3]} 19. Rae1 Nh5 20. g4 ({Better is} 20. Qc2 $11) 20... Nf6 21. Kg2 Nd7 22. e4 dxe4 23. Rxe4 Nf8 24. d5 cxd5 25. Nxd5 Qh4 26. Rxe6 (26. Nf4 $5 {[%cal Rf4e6]}) 26... Nxe6 27. Re4 Rd8 (27... Qg5 $1 $15 28. Ne3 h5) 28. Qe3 $11 h5 ({Much worse is} 28... Rxd5 $6 29. Rxe6 fxe6 30. Qxe6+ Kf8 31. Qxd5 $16) 29. h3 Rc8 30. Qf2 Qd8 31. Nc3 Qd6 32. Qe3 Rd8 33. Ne2 Qd1 34. gxh5 Rd3 35. Qxa7 Rd2 {[#] Hoping for ...Nf4+!} 36. Kf2 Qh1 37. Qb8+ Kh7 38. Qg3 Rd1 {aiming for ...Ng5!} 39. Ke3 Nc5 (39... Qf1 $11) 40. Rg4 ({White must play} 40. Rd4 $16) 40... Ne6 (40... Rd3+ $11 {remains equal.} 41. Kf2 Ne6) 41. Re4 Nc5 42. Rg4 ({White has to play} 42. Rd4 $16) 42... Ne6 (42... Rd3+ $11 43. Kf2 Ne6) 43. Re4 Nc5 {Accuracy: White = 50%, Black = 59%.} 1/2-1/2

[Event "Portugal Open 2020"]
[Site "Lisbon"]
[Date "2020.01.26"]
[Round "3.10"]
[White "Veiga, Jose Francisco R P N"]
[Black "Haldorsen, Benjamin"]
[Result "1/2-1/2"]
[WhiteElo "2312"]
[BlackElo "2463"]
[Annotator "RC"]
[PlyCount "84"]
[EventDate "2020.01.25"]
[EventType "swiss"]
[EventCountry "POR"]
[SourceTitle "playchess.com"]
[Source "ChessBase"]
[SourceQuality "1"]
[TimeControl "5400+30"]

1. e4 {[%emt 0:03:44]} c5 {[%emt 0:00:00]} 2. Nf3 {[%emt 0:00:07]} Nc6 {[%emt 0:00:00]} 3. d4 {[%emt 0:00:11]} cxd4 {[%emt 0:00:24]} 4. Nxd4 {[%emt 0:00:05]} Nf6 {[%emt 0:00:31]} 5. Nc3 {[%emt 0:00:09]} d6 {[%emt 0:00:17]} 6. Bg5 {[%emt 0:00:23]} e6 {[%emt 0:00:05]} 7. Qd2 {[%emt 0:00:28]} a6 {[%emt 0:00:21]} 8. O-O-O {[%emt 0:00:29]} Bd7 {[%emt 0:00:06]} 9. f4 {[%emt 0:01:41]} h6 {[%emt 0:00:33]} 10. Bxf6 {[%emt 0:00:49]} Qxf6 {[%emt 0:00:05]} 11. Nf3 {[%emt 0:10:00]} Qd8 {[%emt 0:00:55]} 12. Bd3 {[%emt 0:00:47]} Be7 {[%emt 0:01:17]} 13. Rhe1 {[%emt 0:14:34]} Qc7 {[%emt 0:03:34]} 14. g4 {[%emt 0:03:39]} O-O-O {[%emt 0:01:17]} 15. h4 {[%emt 0:08:22]} Kb8 {[%emt 0:03:41]} 16. Kb1 {[%emt 0:06:27]} Rc8 {[%emt 0:06:39]} 17. g5 {[%emt 0:03:10]} Na5 {[%emt 0:13:10]} 18. Qe3 {[%emt 0:13:26]} hxg5 {[%emt 0:20:08]} 19. hxg5 {[%emt 0:02:17]} Nc4 {[%emt 0:05:46]} 20. Bxc4 {[%emt 0:03:47]} Qxc4 {[%emt 0:00:06]} 21. Rh1 {[%emt 0:00:54]} Rxh1 {[%emt 0:10:04]} 22. Rxh1 {[%emt 0:00:21]} g6 {[%emt 0:02:55]} 23. Qd3 {[%emt 0:03:58]} Qc5 {[%emt 0:04:29]} 24. Rh7 {[%emt 0:01:28]} Be8 {[%emt 0:01:41]} 25. f5 {[%emt 0:07:43]} Bd8 {[%emt 0:00:30]} 26. fxg6 {[%emt 0:01:03]} fxg6 {[%emt 0:00:08]} 27. Nd4 {[%emt 0:00:45]} Qe5 {[%emt 0:04:25]} 28. Nf3 {[%emt 0:00:18]} Qc5 {[%emt 0:02:05]} 29. Nd4 {[%emt 0:00:06]} Qe5 {[%emt 0:06:55]} 30. Nf3 {[%emt 0:00:08]} Qf4 {[%emt 0:03:49]} 31. Ne2 {[%emt 0:02:24]} Qf8 {[%emt 0:00:01]} 32. Ned4 {[%emt 0:02:34]} Qg8 {[%emt 0:00:28]} 33. Rh1 {[%emt 0:01:37]} e5 {[%emt 0:01:12]} 34. Ne2 {[%emt 0:00:18]} Qe6 {[%emt 0:00:53]} 35. Nc3 {[%emt 0:00:09]} Ba5 {[%emt 0:01:44]} 36. Nd5 {[%emt 0:00:14]} Bb5 {[%emt 0:00:14]} 37. Qa3 {[%emt 0:00:41]} Bd8 {[%emt 0:00:27]} 38. Rh7 {[%emt 0:01:59]} Bc4 {[%emt 0:01:23]} 39. Ne3 {[%emt 0:01:39]} Be2 {[%emt 0:01:40]} 40. Nd5 {[%emt 0:00:08]} Bc4 {[%emt 0:00:06]} 41. Ne3 {[%emt 0:00:17]} Be2 {[%emt 0:03:31]} 42. Nd5 {[%emt 0:00:08]} Bc4 {[%emt 0:01:43]} 1/2-1/2

[Event "Portugal Open 2020"]
[Site "Lisbon"]
[Date "2020.01.26"]
[Round "3.11"]
[White "Janik, Igor"]
[Black "Esquivias Quintero, Luis Manuel"]
[Result "1-0"]
[WhiteElo "2453"]
[BlackElo "2318"]
[Annotator "TA"]
[PlyCount "67"]
[EventDate "2020.01.25"]
[EventType "swiss"]
[EventCountry "POR"]
[SourceTitle "playchess.com"]
[Source "ChessBase"]
[SourceQuality "1"]

{[%evp 20,67,0,0,0,-11,0,0,0,0,0,0,18,29,22,5,2,7,28,0,0,0,0,0,0,-45,-54,-45,-46,-62,-15,-22,42,31,93,78,83,116,97,94,388,375,645,662,653,662,643,587,533,327]} 1. d4 Nf6 2. c4 c5 3. d5 b5 4. cxb5 a6 5. e3 Bb7 6. Nc3 axb5 7. Bxb5 Qa5 8. Bd2 Qb6 9. Qb3 e6 10. Bc4 Qxb3 11. Bxb3 Na6 {A57: Benko/Volga Gambit} (11... exd5 12. Nge2 Na6 13. O-O Nc7 14. Rfd1 Bd6 15. Ng3 g6 16. Be1 Ke7 17. Nge2 Ba6 18. f3 Rhb8 19. Rd2 Bxe2 {0-1 (19) Grover,S (2496)-Sjugirov,S (2629) Chennai 2011}) 12. Nf3 Nxd5 $146 ({Predecessor:} 12... exd5 13. O-O Be7 14. Rfd1 O-O 15. Be1 Nc7 16. Nh4 g6 17. f3 Rfb8 18. Bg3 d6 19. Rd2 Bc8 20. f4 Rxb3 {0-1 (20) Maciol,R (2222)-Brandenburg,D (2503) Maastricht 2010}) 13. Nxd5 Bxd5 {The position is equal.} 14. Bxd5 exd5 15. Ke2 f6 16. a3 Rb8 17. Bc3 Kf7 18. Rhd1 Ke6 19. Rd2 Nc7 20. Rad1 Ra8 21. g3 Be7 22. Nh4 Rhb8 23. f4 Rb3 24. Rc2 g5 25. f5+ Kd6 (25... Kf7 $11 26. Nf3 g4) 26. Nf3 $14 Kc6 {[#]} (26... h5 $14) 27. Bb4 $1 $36 {[%mdl 2048] Keeping Black busy.} Kb5 28. Nd2 Rxb4 29. axb4 c4 $2 {[%mdl 8192]} (29... Kxb4 $16 30. Ne4 Kb3) 30. b3 $18 Bxb4 $2 {[#]} (30... c3 31. Nb1 Bxb4 32. Nxc3+ Bxc3) 31. bxc4+ {White is clearly winning.} dxc4 32. Nxc4 d5 33. Nb2 Ra2 34. Rdc1 {Accuracy: White = 63%, Black = 37%.} 1-0

[Event "Portugal Open 2020"]
[Site "Lisbon"]
[Date "2020.01.26"]
[Round "3.12"]
[White "Chkhaidze, Nikoloz"]
[Black "Martin Duque, Jesus"]
[Result "0-1"]
[WhiteElo "2288"]
[BlackElo "2447"]
[Annotator "TA"]
[PlyCount "70"]
[EventDate "2020.01.25"]
[EventType "swiss"]
[EventCountry "POR"]
[SourceTitle "playchess.com"]
[Source "ChessBase"]
[SourceQuality "1"]

{[%evp 9,70,30,17,29,78,75,241,117,115,85,102,-36,-33,-20,4,-36,-39,-59,-50,-105,-53,-94,-75,-130,-130,-127,-137,-133,-133,-155,-147,-130,-53,-50,-47,-45,-48,-71,-72,-83,-58,-64,-64,-90,-82,-100,-79,-195,-191,-230,-225,-379,-311,-526,-416,-793,-570,-576,-562,-29989,-29952,-29988,-1905]} 1. d4 Nf6 2. c4 e6 3. Nc3 Bb4 4. Qc2 b6 5. e4 c5 6. e5 {E32: Nimzo-Indian: Classical (4 Qc2): 4...0-0} (6. d5 Qe7 7. Nge2 exd5 8. exd5 O-O 9. Bd2 d6 10. f3 Re8 11. O-O-O Nbd7 12. a3 Ba5 13. Ng3 Qd8 {0-1 (60) Mamedyarov,S (2772)-Grigoriants,S (2542) Moscow 2019}) 6... Bxc3+ 7. bxc3 cxd4 $2 (7... Ng8 $16) 8. cxd4 (8. exf6 $18 Qxf6 9. cxd4) 8... Ng8 $16 9. Nf3 (9. Qe4 {feels hotter.} Nc6 10. d5 f5 11. Qf4 Nce7 12. Qg3) 9... Bb7 10. a3 ({White should play} 10. Be2 $16) 10... Bxf3 $1 $15 11. gxf3 Ne7 $146 ({Predecessor:} 11... Nc6 12. Bb2 Nge7 {½-½ (27) Torma,R (2499)-Kozak,A (2361) Budapest 2017}) 12. Bd3 Nbc6 {[%cal Bb8c6,Bc6a5,Ba5b3,Bb3c5,Bc5d3][%mdl 32]} 13. Bb2 Rc8 14. Qe2 (14. Be4 $15) 14... O-O (14... Ng6 $17) 15. d5 {[#]} Na5 $1 ({Much weaker is} 15... exd5 $6 16. cxd5 Na5 17. e6 $14) 16. Rg1 ({Better is} 16. h4) 16... Ng6 $17 17. Qe4 Nb3 18. Rd1 Nc5 19. Qd4 Nxd3+ 20. Rxd3 Qh4 (20... Rc7 $17 21. dxe6 fxe6) 21. Qxh4 $15 Nxh4 22. Rg4 Nf5 23. dxe6 dxe6 24. Rd7 Ra8 25. c5 bxc5 26. Ra4 a6 27. Rc7 Rfb8 28. Bc3 (28. Bc1 $17) 28... h5 29. Kf1 {[#]} Rb1+ $1 30. Kg2 $2 (30. Ke2) 30... g5 31. f4 $2 (31. Bd2 {keeps fighting.} Nh4+ 32. Rxh4 gxh4 33. Rxc5) 31... g4 32. h3 (32. Re4 $142 Nh4+ 33. Kg3) 32... Rd8 33. hxg4 hxg4 {( -> ...Rd3)} 34. f3 gxf3+ 35. Kf2 Rdd1 {Accuracy: White = 24%, Black = 53%.} (35... Rd3 $142 36. Rd7 Rxd7 37. Kxf3 Rd3+ {[%mdl 64] Double Attack} 38. Ke2 Rxc3 39. Kd2 Rbc1 40. Re4 c4 41. Rxc4 R1c2+ 42. Ke1 Rxc4 43. a4 Rxf4 44. a5 Rh2 45. Kd1 Rf1#) 0-1

[Event "Portugal Open 2020"]
[Site "Lisbon"]
[Date "2020.01.26"]
[Round "3.13"]
[White "Stachowiak, Kamil"]
[Black "Risting, Eivind Olav"]
[Result "1-0"]
[WhiteElo "2446"]
[BlackElo "2306"]
[Annotator "TA"]
[PlyCount "99"]
[EventDate "2020.01.25"]
[EventType "swiss"]
[EventCountry "POR"]
[SourceTitle "playchess.com"]
[Source "ChessBase"]
[SourceQuality "1"]

{[%evp 17,99,20,29,0,13,8,22,0,23,22,23,20,20,20,22,14,16,18,20,18,17,8,14,13,14,9,14,15,15,0,0,0,0,0,0,0,0,0,70,60,79,66,76,57,79,69,94,94,97,78,94,94,94,91,91,91,91,92,92,92,94,95,134,131,148,134,145,131,422,387,433,403,945,927,1084,1045,6115,5751,5185,5114,29978,29979,29975,29971]} 1. Nf3 f5 2. d4 Nf6 3. g3 g6 4. Bg2 Bg7 5. O-O O-O 6. b3 d6 7. Bb2 c6 8. Nbd2 a5 9. a4 Na6 10. Ne1 {A81: Dutch Defence: 2 g3} (10. Nc4 Nb4 11. Ne1 Be6 12. Nd3 Bd5 13. f3 Qc7 14. Qd2 Nxd3 15. Qxd3 Bf7 16. e3 b5 17. Nd2 Nd5 {1-0 (35) Rakhmanov,A (2663)-Laznicka,V (2664) Linares 2017}) 10... Qc7 11. Nd3 Nb4 12. Re1 {The position is equal.} Re8 $146 ({Predecessor:} 12... Be6 13. c4 Bf7 14. Bc3 Nd7 15. Qc1 e5 16. dxe5 Nxd3 17. exd3 dxe5 {½-½ (33) Kertesz,A-Mueller,W Satu Mare 1983}) 13. Nxb4 axb4 14. e4 fxe4 15. Nxe4 Nxe4 16. Bxe4 d5 17. Bg2 Bf5 18. Qd2 Qd6 19. h3 Rad8 20. a5 e5 21. dxe5 Rxe5 22. Bxe5 Bxe5 23. g4 Bxa1 24. Rxa1 Bc8 25. Qe3 Rf8 26. Rd1 Be6 27. Qb6 Qf4 ({Black should play} 27... Rf7 $11) 28. Rf1 $1 $36 {[%mdl 2048] White has the initiative.} Bc8 {[#]} 29. a6 $1 {[%cal Ra6a7][%mdl 576] Deflection} bxa6 30. Qxc6 d4 31. Qc4+ Kh8 32. Qxb4 h5 33. Rd1 hxg4 34. Qxd4+ Qxd4 35. Rxd4 gxh3 {[#]} 36. Bxh3 $1 {[%mdl 512]} Bxh3 $16 {[%mdl 4096] Endgame KRB-KR} 37. Rh4+ {[%mdl 64] Double Attack} Kg7 {White must now prevent ...Bf5.} 38. Rxh3 {KR-KR} Rc8 39. c4 Kf6 {[#]} 40. Kf1 $1 Ke5 41. Rd3 Rb8 42. Ke2 Kf4 $2 {[%mdl 8192] [#]} (42... Ke6 $16 {was necessary.} 43. Rg3 Kd7) 43. Kd2 $1 $18 {[%cal Rd2c3]} g5 44. Kc3 g4 (44... Ke5 $142 45. Rd5+ Kf6 46. Rd6+ Ke7 47. Rxa6 Rf8) 45. c5 a5 46. Kc4 Ke4 47. Re3+ Kf4 48. c6 Rb4+ 49. Kc5 Rb8 50. c7 {Accuracy: White = 87%, Black = 40%.} 1-0

[Event "Portugal Open 2020"]
[Site "Lisbon"]
[Date "2020.01.26"]
[Round "3.14"]
[White "Fidalgo, Andre Neves"]
[Black "Campora, Daniel H."]
[Result "1-0"]
[WhiteElo "2282"]
[BlackElo "2420"]
[Annotator "TA"]
[PlyCount "114"]
[EventDate "2020.01.25"]
[EventType "swiss"]
[EventCountry "POR"]
[SourceTitle "playchess.com"]
[Source "ChessBase"]
[SourceQuality "1"]

{[%evp 9,114,66,74,64,77,39,66,61,62,47,68,48,73,72,87,57,54,60,58,64,56,42,32,38,51,43,72,47,70,72,72,62,65,27,23,33,65,47,69,50,45,49,148,146,144,143,138,119,136,120,125,132,145,125,123,88,88,88,88,86,91,54,45,55,60,53,108,108,181,180,182,165,258,62,294,294,294,294,294,281,247,172,225,219,238,238,393,391,648,634,745,660,1054,971,1099,420,859,420,831,818,952,931,900,883,2819,2789,2166]} 1. d4 Nf6 2. Nf3 d6 3. c4 Bg4 4. Nc3 Bxf3 5. exf3 e6 (5... g6 6. f4 Bg7 7. Be2 c6 8. d5 cxd5 9. cxd5 O-O 10. Be3 Nbd7 11. O-O Qa5 12. a3 Rfc8 13. h4 Rxc3 {½-½ (59) Wojtaszek,R (2715)-Mamedyarov,S (2743) Dubai 2014}) 6. Bd3 {A53: Old Indian Defence without Nf3} Be7 7. Be3 O-O $146 ({Predecessor:} 7... d5 8. Qb3 b6 9. O-O O-O 10. Rac1 c6 11. Rfd1 a5 12. cxd5 exd5 13. Ne2 {0-1 (72) Masternak,A (2215)-Pribyl,J (2405) Marianske Lazne 1989}) 8. Qb3 {White is slightly better.} b6 9. d5 Nbd7 10. O-O e5 11. Qd1 g6 12. f4 exf4 13. Bxf4 Re8 14. Bc2 Nh5 15. Be3 Bf6 16. Ba4 Re7 17. Rc1 a6 18. b4 Qf8 19. Ne2 {[%cal Bc3e2,Be2d4,Bd4f5][%mdl 32]} a5 20. Bc6 Ra7 21. bxa5 Rxa5 22. a4 Bb2 23. Rb1 Bg7 24. Nd4 $36 {[%mdl 2048] White fights for an advantage.} Nb8 {next ...Bxd4 is good for Black.} 25. Bb5 $1 Ra8 {[#]} (25... Nf6 $1 $14) 26. Nf5 $1 $16 {[%cal Rf5e7][%mdl 64] Deflection} gxf5 27. Qxh5 Nd7 28. Bg5 Nf6 29. Qh4 Re4 30. Qh3 h6 31. Bxf6 Bxf6 32. Qxf5 Qe7 33. Rb3 Qe5 34. Rg3+ Bg7 35. Rf3 (35. Qxe5 {is more complex.} Rxe5 36. f4 Re4 37. f5 f6 38. Kf2) 35... Qxf5 36. Rxf5 Rf8 37. g3 Re5 (37... Kh7 $14) 38. Rxe5 dxe5 {[%mdl 4096] Endgame KRB-KRB} (38... Bxe5 $16 39. Re1 Kg7) 39. c5 $18 bxc5 40. a5 {[%cal Ba4a5,Ba5a6][%mdl 32]} Rb8 (40... e4 $142) 41. Bc4 $2 (41. Bc6 $18 {a6 is the strong threat.} Rb3 42. Ra1) 41... Rb4 $2 {[#]} (41... e4 $1 $14) 42. Ra1 $1 e4 43. Ra2 ({Weaker is} 43. Rc1 Bd4 $11) 43... Rb7 44. a6 Ra7 45. Bb5 c4 (45... h5 $142 46. Kf1 Bd4) 46. Bxc4 Bd4 47. Bb5 c6 $2 (47... Bc5 48. Ra4 e3 49. fxe3 Bxe3+ 50. Kg2 Bc5) 48. Bxc6 Rc7 $2 (48... Bc5 49. Rc2 Bd6) 49. Ra4 Ba7 50. Rxe4 Kg7 51. Rc4 Re7 52. Rc2 (52. d6 $142 Re6 53. d7) 52... Re1+ 53. Kg2 {Hoping for d6.} Rd1 (53... Ra1 $142 54. Bb7 Kf6) 54. Rb2 {White is clearly winning.} Bd4 55. Rb4 Bc5 56. Rb5 Bd4 57. d6 Ra1 {Accuracy: White = 69%, Black = 41%.} 1-0

[Event "Portugal Open 2020"]
[Site "Lisbon"]
[Date "2020.01.26"]
[Round "3.15"]
[White "Damaso, Rui"]
[Black "Hill, Alistair"]
[Result "1/2-1/2"]
[WhiteElo "2420"]
[BlackElo "2217"]
[Annotator "TA"]
[PlyCount "33"]
[EventDate "2020.01.25"]
[EventType "swiss"]
[EventCountry "POR"]
[SourceTitle "playchess.com"]
[Source "ChessBase"]
[SourceQuality "1"]

{[%evp 10,33,11,9,9,16,13,-22,-6,-27,-26,-20,-25,-45,-40,-54,-56,-43,-14,-28,0,0,0,-20,-26,-18]} 1. e4 e6 2. d4 d5 3. exd5 exd5 4. Nf3 Nf6 5. Bd3 Bd6 6. Qe2+ Be6 {C01: French: Exchange Variation} 7. Ng5 Qe7 8. O-O (8. Nxe6 fxe6 9. Nd2 O-O 10. O-O Nc6 11. Nf3 e5 12. dxe5 Nxe5 13. Nxe5 Qxe5 14. Qxe5 Bxe5 15. c3 Rae8 16. h3 d4 17. c4 Bd6 18. Bd2 Ne4 19. Bxe4 Rxe4 20. Rfe1 {½-½ (20) Vachier Lagrave,M (2780)-Andreikin,D (2724) Jerusalem 2019}) 8... Nc6 {The position is equal.} 9. Nxe6 fxe6 10. c3 e5 11. Bg5 $146 ({Predecessor:} 11. dxe5 Qxe5 12. Qxe5+ Nxe5 13. Bc2 O-O 14. Nd2 {1-0 (45) Blomqvist,E (2505)-Westerberg,J (2517) Ronneby 2018}) 11... O-O 12. Qc2 {next Bxh7+! is good for White.} e4 13. Be2 h6 14. Be3 Qe6 15. c4 Qf5 16. cxd5 Nb4 {[%mdl 64] [#] Double Attack} 17. Qb3 1/2-1/2

[Event "Portugal Open 2020"]
[Site "Lisbon"]
[Date "2020.01.26"]
[Round "3.16"]
[White "Gahan M G"]
[Black "Butkiewicz, Lukasz"]
[Result "0-1"]
[WhiteElo "2245"]
[BlackElo "2416"]
[Annotator "TA"]
[PlyCount "38"]
[EventDate "2020.01.25"]
[EventType "swiss"]
[EventCountry "POR"]
[SourceTitle "playchess.com"]
[Source "ChessBase"]
[SourceQuality "1"]

{[%evp 22,114,0,0,0,0,0,-5,-2,-114,-106,-106,-106,-112,-112,-105,-107,-134,-108,-118,-119,-124,-110,-122,-120,-136,-135,-164,-164,-163,-161,-169,-164,-162,-175,-161,-135,-152,-130,-135,-135,-167,-167,-167,-167,-186,-208,-220,-219,-220,-214,-251,-235,-322,-171,-476,-468,-597,-565,-741,-737,-751,-743,-688,-644,-1073,-1072,-1042,-1000,-2257,-2145,-2145,-2168,-1908,-1868,-1519,-1519,-29976,-29977,-29974,-29976,-29979,-29980,-29981,-29982,-29982,-29983,-29982,-29983,-29983,-29983,-29983,-29984,-29994,-29992]} 1. e4 c5 2. c3 Nf6 3. e5 Nd5 4. d4 cxd4 5. cxd4 d6 6. Nf3 Nc6 7. Bc4 Nb6 8. Bb5 dxe5 9. Nxe5 Bd7 10. Nxd7 Qxd7 11. Nc3 e6 12. O-O a6 {B22: Sicilian: 2 c3} (12... Be7 13. Qg4 O-O 14. Rd1 Rfd8 15. Bh6 Bf8 16. Bg5 Be7 17. Bh6 Bf8 18. Bg5 Be7 19. d5 exd5 20. Qxd7 Rxd7 21. Bxe7 Rxe7 22. Nxd5 Nxd5 23. Rxd5 {½-½ (34) Bortnyk,O (2602)-Robson,R (2653) Saint Louis 2019}) 13. Bxc6 Qxc6 14. Re1 {Strongly threatening d5.} Bb4 {[#] The position is equal.} 15. d5 $146 {[#]} (15. Qg4 $11) ({Predecessor:} 15. Qg4 Kf8 16. Bg5 Bxc3 17. bxc3 Nd5 18. Rac1 b5 19. a4 h6 20. Bd2 {½-½ (32) Yeoh,L (2508)-Santos Ruiz,M (2523) Stockholm 2019}) 15... Nxd5 $1 $17 {[%mdl 512]} 16. Qxd5 (16. Nxd5 Bxe1) 16... Qxd5 17. Nxd5 Bxe1 18. Nc7+ Kd7 {...Rac8 is the strong threat.} 19. Bf4 Bd2 {Played: Be1-b4} 0-1

[Event "Portugal Open 2020"]
[Site "Lisbon"]
[Date "2020.01.26"]
[Round "3.17"]
[White "Savanovic, Aleksandar"]
[Black "Silich, Yahor"]
[Result "1/2-1/2"]
[WhiteElo "2414"]
[BlackElo "2158"]
[Annotator "TA"]
[PlyCount "37"]
[EventDate "2020.01.25"]
[EventType "swiss"]
[EventCountry "POR"]
[SourceTitle "playchess.com"]
[Source "ChessBase"]
[SourceQuality "1"]

{[%evp 29,37,44,48,44,51,29,36,0,43,15]} 1. e4 c5 2. Nf3 Nc6 3. d4 cxd4 4. Nxd4 g6 5. c4 Bg7 6. Be3 Nf6 7. Nc3 O-O 8. Be2 d6 9. O-O Bd7 10. Qd2 Nxd4 11. Bxd4 Bc6 12. f3 a5 13. b3 Nd7 14. Be3 Nc5 15. Rab1 e6 16. Rfd1 {B38: Sicilian: Maroczy Bind with 5...Bg7 and 7...0-0} Be5 17. Qe1 (17. Bd4 Qe7 18. Bf1 Rad8 19. Ne2 Qh4 20. Bxe5 dxe5 21. Qxa5 Nd3 22. Ng3 Ra8 23. Qc3 {0-1 (35) Karjakin,S (2754)-Savchenko,B (2577) Moscow 2019}) 17... Qe7 18. Nb5 b6 19. Nd4 $146 ({Predecessor:} 19. f4 Bg7 20. Nxd6 e5 21. Qf2 Rfd8 22. Bxc5 bxc5 23. Qxc5 Rac8 {½-½ (37) Zakhartsov,V (2461)-Vorobiov,E (2555) St Petersburg 2017}) 1/2-1/2